000
00216nam a2200097Ia 4500
008
240331s9999 xx 000 0 und d
082
_b
VEL
100
_a
Veluppillai, A
245
0
_a
Thamilar samaya varalaru
942
_c
L
999
_c
2050
_d
2050